La stella rubino /
সংরক্ষণ করুন:
| প্রধান লেখক: | |
|---|---|
| অন্যান্য লেখক: | |
| বিন্যাস: | গ্রন্থ |
| ভাষা: | ইতালিয় |
| প্রকাশিত: |
Genova :
Costa & Nolan,
\1992!
|
| মালা: | Riscontri ;
34 |
| ট্যাগগুলো: |
কোনো ট্যাগ নেই, প্রথমজন হিসাবে ট্যাগ করুন!
|
MARC
| LEADER | 00000nam a2200000 i 4500 | ||
|---|---|---|---|
| 001 | IT\ICCU\RAV\0192484 | ||
| 003 | ItRI | ||
| 005 | 20241012101235.0 | ||
| 008 | 920618s1992 it |||||| ||||| |||||c | ||
| 020 | |a 8876481257 | ||
| 040 | |b ita |c CT | ||
| 041 | 7 | |a ita |2 ISO-639-2 | |
| 082 | |a 843.914 |2 20 | ||
| 100 | 1 | |a Ceccatty, René : de |0 IT\ICCU\RAVV\075584 |4 aut | |
| 240 | 1 | 2 | |a L'etoile rubis. - |9 Ceccatty, René : de |
| 245 | 1 | 3 | |a La stella rubino / |c Rene de Ceccatty ; traduzione di Anna Maria Maccari. |
| 260 | |a Genova : |b Costa & Nolan, |c \1992! | ||
| 300 | |a 155 p. ; |c 22 cm | ||
| 700 | 1 | |a Maccari, Anna Maria |0 IT\ICCU\RAVV\075585 | |
| 830 | 0 | |a Riscontri ; |v 34 |0 IT\ICCU\CFI\0077473 | |
| 942 | |2 ddc |c BK | ||
| 952 | |0 0 |1 0 |2 ddc |4 0 |6 843_914000000000000_CEC_STE |7 1 |9 2108 |a GE |b GE |d 2024-10-12 |l 0 |o 843.914 CEC STE |p 1295 |r 2024-10-12 10:13:47 |w 2024-10-12 |x Donazione di Alvaro Bazzano |y BK |z Donazione AB | ||
| 981 | 1 | |6 z01 |a i |b xxxe | |
| 982 | 1 | |6 z01 |a n | |
| 999 | |c 1849 |d 1849 | ||